000 00465nam a2200181 a 4500
001 241
003 CO-ViMGA
008 141112s2004 ck r 000 u spa d
040 _aCO-ViMGA
_bspa
_cCO-ViMGA
082 0 4 _a813.5 S74v
100 1 _aStine, R.L
_910741
245 1 0 _aEscalofrĂ­os /
_bVolvámonos invisibles :
260 _aBarcelona :
_bNorma,
_c1995
300 _a131 p
490 _aEscalofrios
650 1 4 _aNOVELA ESTADOUNIDENSE
_92233
942 _2ddc
_cBK
999 _c12488
_d12488